[Event "47th Biel Master Open"]
[Site "Biel SUI"]
[Date "2014.07.16"]
[Round "3.8"]
[White "Vokarev, Sergey"]
[Black "Bartel, Mateusz"]
[Result "1/2-1/2"]
[WhiteTitle "GM"]
[BlackTitle "GM"]
[WhiteElo "2432"]
[BlackElo "2644"]
[WhiteFideId "4119711"]
[BlackFideId "1112635"]
[EventDate "2014.07.14"]

1. e4 c5 2. Nf3 Nc6 3. d4 cxd4 4. Nxd4 Nf6 5. Nc3 d6 6. Be2 g6 7. Be3 Bg7 8. O-O
O-O 9. Qd2 Ng4 10. Bxg4 Bxg4 11. f3 Bd7 12. Rfd1 Rc8 13. a4 Ne5 14. b3 f5 15.
exf5 gxf5 16. Nce2 Ng6 17. f4 a6 18. c4 e5 19. Nf3 Bc6 20. Rac1 Nh4 21. Nxh4
Qxh4 22. Nc3 Rce8 23. Nd5 Re6 24. Bf2 Qg4 25. Re1 Kh8 26. Rc3 Qg6 27. Bg3 Rg8
28. Rce3 e4 29. Rd1 Qf7 30. Bf2 b5 31. axb5 axb5 32. Rg3 bxc4 33. bxc4 Rg6 34.
Rxg6 hxg6 35. Bd4 Bxd5 36. Bxg7+ Kxg7 37. Qxd5 Qxd5 38. Rxd5 Rc8 39. Rxd6 Rxc4
40. Kf2 Rc2+ 41. Kg3 Kf7 42. h3 Rc1 43. Kf2 1/2-1/2

[Event "47th Biel Master Open"]
[Site "Biel SUI"]
[Date "2014.07.16"]
[Round "3.9"]
[White "Solak, Dragan"]
[Black "Antoli Royo, Joaquin Miguel"]
[Result "1-0"]
[WhiteTitle "GM"]
[BlackTitle "IM"]
[WhiteElo "2639"]
[BlackElo "2443"]
[WhiteFideId "916811"]
[BlackFideId "2259532"]
[EventDate "2014.07.14"]

1. e4 c5 2. Nf3 d6 3. d4 cxd4 4. Nxd4 Nf6 5. Nc3 a6 6. Bg5 e6 7. f4 Qb6 8. Qd2
Qxb2 9. Rb1 Qa3 10. e5 h6 11. Bh4 dxe5 12. fxe5 Nd5 13. Nxd5 exd5 14. e6 Bxe6
15. Nxe6 fxe6 16. Bd3 Be7 17. Bg6+ Kd8 18. Bxe7+ Qxe7 19. O-O Nd7 20. Rf7 Qc5+
21. Kh1 Rf8 22. Rxg7 Rc8 23. h3 Rc6 24. Qxh6 Kc8 25. Bd3 Qd6 26. Qh7 Rc7 27. Re1
Nc5 28. Rxc7+ Qxc7 29. Qh6 Qd6 30. Qe3 Rf4 31. g3 Rf7 32. h4 Kc7 33. Kg2 d4 34.
Qe5 Qxe5 35. Rxe5 Kd6 36. Rg5 e5 37. h5 e4 38. Bc4 Rf6 39. Rd5+ Kc6 40. Rxd4 e3
41. Rf4 1-0

[Event "47th Biel Master Open"]
[Site "Biel SUI"]
[Date "2014.07.16"]
[Round "3.10"]
[White "Nuri, Kambez"]
[Black "Ganguly, Surya Shekhar"]
[Result "0-1"]
[WhiteTitle "FM"]
[BlackTitle "GM"]
[WhiteElo "2322"]
[BlackElo "2619"]
[WhiteFideId "1311433"]
[BlackFideId "5002150"]
[EventDate "2014.07.14"]

1. e4 c5 2. Nc3 d6 3. Nge2 Nf6 4. d4 cxd4 5. Nxd4 a6 6. Bc4 e6 7. a4 Qc7 8. Qe2
Be7 9. O-O Nc6 10. Be3 Bd7 11. f4 Rc8 12. Ba2 Na5 13. Rad1 Nc4 14. Bc1 Qc5 15.
Kh1 O-O 16. e5 dxe5 17. fxe5 Nd5 18. Ne4 Qc7 19. Bxc4 Qxc4 20. Qxc4 Rxc4 21. b3
Rc7 22. c4 Nb4 23. Ba3 b6 24. Rd2 a5 25. Rfd1 f6 26. exf6 gxf6 27. Nc3 Bc5 28.
Ndb5 Bxb5 29. Nxb5 Re7 30. g4 Rg7 31. h3 f5 32. Nd4 Rg6 33. gxf5 exf5 34. Nf3
Re8 35. Rd8 Kf8 36. Bb2 Rg3 37. Ne5 Rxh3+ 38. Kg2 Re3 39. R1d7 Rxd8 40. Rxd8+
Ke7 41. Nc6+ 0-1

[Event "47th Biel Master Open"]
[Site "Biel SUI"]
[Date "2014.07.16"]
[Round "3.11"]
[White "Banusz, Tamas"]
[Black "Benkovic, Petar"]
[Result "1-0"]
[WhiteTitle "GM"]
[BlackTitle "IM"]
[WhiteElo "2595"]
[BlackElo "2434"]
[WhiteFideId "722413"]
[BlackFideId "922641"]
[EventDate "2014.07.14"]

1. c4 e6 2. g3 Nf6 3. Bg2 d5 4. Nf3 Be7 5. d4 O-O 6. O-O Nbd7 7. Qd3 c6 8. Nc3
b6 9. e4 Ba6 10. b3 dxc4 11. bxc4 e5 12. dxe5 Ng4 13. Bf4 g5 14. Rad1 gxf4 15.
Qxd7 Qxd7 16. Rxd7 Bb4 17. Bh3 h5 18. Ne2 Bxc4 19. Nxf4 Bxf1 20. Kxf1 Bc5 21.
Nxh5 Nxf2 22. Bf5 Rad8 23. Ke2 Rxd7 24. Nf6+ Kg7 25. Nxd7 Rd8 26. Nxc5 Nd1 27.
Nb7 Nc3+ 28. Ke3 Rd1 29. Nd6 Nxa2 30. Ng5 b5 31. Ngxf7 b4 32. e6 Kf8 33. Nc8 b3
34. e7+ Kxf7 35. Bg6+ 1-0

[Event "47th Biel Master Open"]
[Site "Biel SUI"]
[Date "2014.07.16"]
[Round "3.12"]
[White "Cebalo, Miso"]
[Black "Kovacevic, Aleksandar"]
[Result "1/2-1/2"]
[WhiteTitle "GM"]
[BlackTitle "GM"]
[WhiteElo "2426"]
[BlackElo "2564"]
[WhiteFideId "14500094"]
[BlackFideId "903124"]
[EventDate "2014.07.14"]

1. d4 e6 2. c4 Nf6 3. Nc3 Bb4 4. Nf3 b6 5. Bg5 Bb7 6. Nd2 h6 7. Bh4 Be7 8. e3
O-O 9. Bd3 c5 10. O-O cxd4 11. exd4 d5 12. Nf3 dxc4 13. Bxc4 Nc6 14. a3 Nh5 15.
d5 exd5 16. Qxd5 Qxd5 17. Bxd5 Bxh4 18. Nxh4 Nf4 19. Be4 Na5 20. Bxb7 Nxb7 21.
Rad1 Rfd8 22. Nf5 Kf8 23. g3 Nd3 24. Rd2 Rac8 25. Ne2 h5 26. Nfd4 Ne5 1/2-1/2

[Event "47th Biel Master Open"]
[Site "Biel SUI"]
[Date "2014.07.16"]
[Round "3.13"]
[White "Cvitan, Ognjen"]
[Black "Ditzler, Juerg"]
[Result "1-0"]
[WhiteTitle "GM"]
[WhiteElo "2535"]
[BlackElo "2040"]
[WhiteFideId "14500086"]
[BlackFideId "1300571"]
[EventDate "2014.07.14"]

1. d4 g6 2. c4 Bg7 3. e4 d6 4. Nc3 Nc6 5. d5 Nd4 6. Nge2 c5 7. Be3 Qb6 8. Qd2 e5
9. dxe6 fxe6 10. O-O-O e5 11. Nd5 Qd8 12. Nxd4 cxd4 13. Bg5 Bf6 14. Nxf6+ Nxf6
15. Bd3 O-O 16. f4 Qc7 17. fxe5 dxe5 18. Rdf1 Nh5 19. Rxf8+ Kxf8 20. Rf1+ Kg8
21. b3 Be6 22. Bh6 b5 23. Qb4 Nf4 24. Bxf4 exf4 25. Qxb5 Rf8 26. Be2 Qd6 27. Rd1
Rb8 28. Qa5 f3 29. e5 Qf8 30. Bxf3 Qf4+ 31. Qd2 Qxe5 32. Re1 1-0

[Event "47th Biel Master Open"]
[Site "Biel SUI"]
[Date "2014.07.16"]
[Round "3.14"]
[White "Gallagher, Joseph G."]
[Black "Rudolf, Anna"]
[Result "0-1"]
[WhiteTitle "GM"]
[BlackTitle "WGM"]
[WhiteElo "2484"]
[BlackElo "2277"]
[WhiteFideId "1303422"]
[BlackFideId "722855"]
[EventDate "2014.07.14"]

1. e4 e6 2. d4 d5 3. Nd2 Be7 4. c3 c5 5. dxc5 Bxc5 6. Bd3 Nf6 7. Qe2 Nc6 8. Ngf3
Qc7 9. O-O O-O 10. e5 Ng4 11. Nb3 Bb6 12. Bxh7+ Kxh7 13. Ng5+ Kg8 14. Qxg4 Qxe5
15. Qh3 Qf5 16. Qxf5 exf5 17. Be3 Bxe3 18. fxe3 Re8 19. Rad1 Be6 20. Nd4 g6 21.
Rf4 Ne5 22. h3 Re7 23. Kf2 Rc8 24. Ke2 Bd7 25. h4 Nc4 26. Rf3 f4 27. Rxf4 Nxe3
28. Rxf7 Rxf7 29. Kxe3 Re8+ 30. Kd3 Rf2 31. Rd2 Rxd2+ 32. Kxd2 Kg7 33. g3 Re7
34. Nc2 Kf6 35. Ne3 Ke5 36. Nf3+ Kd6 37. Nd4 Rf7 38. Ke2 a5 39. a3 a4 40. Ng2
Bg4+ 41. Ke1 Bf3 42. Nf4 Be4 43. Kf2 Ke5 44. Ke3 Rf6 45. Kd2 Rb6 46. Kc1 Bf5 47.
Nf3+ Kd6 48. Nd4 Be4 49. Nfe6 Bd3 50. Nf4 Be4 51. Nfe6 Ra6 52. Kd2 Ra8 53. Nf4
Ke5 54. Ke3 Ra6 55. Kd2 Rf6 56. Kc1 Rb6 57. Nh3 Bd3 58. Nf4 Be4 59. Nh3 Bf5 60.
Nf2 Ra6 61. Kd2 Rf6 62. Kd1 Rf8 63. Kd2 Bb1 64. Ke3 Bf5 65. Nf3+ Kf6 66. Nd4
Re8+ 67. Kd2 Re7 68. Nd1 Ke5 69. Nf2 Rf7 70. Nf3+ Kd6 71. Nd4 Kc5 72. Ke3 Rf6
73. g4 Bd7 74. g5 Rf7 75. Nd3+ Kd6 76. Nf4 Re7+ 77. Kf3 Rg7 78. Ke3 Rg8 79. Kf3
Be8 80. Ke3 Rh8 81. Nf3 Rh7 82. Kf2 Re7 83. Nd3 Re4 84. Kg3 Re2 85. Kf4 Re4+ 86.
Kg3 Re2 87. Kf4 b6 88. Nd4 Re4+ 89. Kf3 Rxh4 90. Kg3 Rh1 91. Kf4 Rd1 92. Ke3 Rg1
93. Nf3 Rg2 94. Kf4 Bd7 95. Nde5 Bf5 96. Nh4 Rf2+ 97. Kg3 Rxb2 98. Nexg6 Bxg6
99. Nxg6 Rb3 100. Kf4 Rxa3 101. Ne5 Rxc3 102. g6 Rc7 0-1

[Event "47th Biel Master Open"]
[Site "Biel SUI"]
[Date "2014.07.16"]
[Round "3.16"]
[White "Rambaldi, Francesco"]
[Black "Schiendorfer, Florian"]
[Result "1-0"]
[WhiteTitle "FM"]
[WhiteElo "2444"]
[BlackElo "2192"]
[WhiteFideId "20657307"]
[BlackFideId "1312960"]
[EventDate "2014.07.14"]

1. d4 e6 2. e4 d5 3. Nd2 Nf6 4. e5 Nfd7 5. Bd3 c5 6. c3 Nc6 7. Ne2 cxd4 8. cxd4
f6 9. exf6 Nxf6 10. Nf3 Bd6 11. O-O Qc7 12. h3 O-O 13. Be3 Bd7 14. Rc1 Be8 15.
Ng5 Bf7 16. f4 Qb6 17. Nc3 a6 18. Na4 Qa7 19. Kh1 h6 20. Nxf7 Rxf7 21. Nc5 Bxc5
22. Rxc5 Qb6 23. b3 Nb4 24. Bg6 Re7 25. a3 Nc6 26. b4 a5 27. b5 Na7 28. Qc2 Nd7
29. Rc3 Qd8 30. a4 Nb6 31. f5 exf5 32. Qxf5 Qd7 33. Qh5 Nxa4 34. Bxh6 Nxc3 35.
Bg5 1-0

[Event "47th Biel Master Open"]
[Site "Biel SUI"]
[Date "2014.07.16"]
[Round "3.17"]
[White "Pernutz, Hans-Gerhard"]
[Black "Raetsky, Alexander"]
[Result "0-1"]
[BlackTitle "GM"]
[WhiteElo "2102"]
[BlackElo "2431"]
[WhiteFideId "4606620"]
[BlackFideId "4103203"]
[EventDate "2014.07.14"]

1. e4 e6 2. d4 d5 3. Nd2 Nc6 4. c3 e5 5. dxe5 dxe4 6. Qe2 Bf5 7. Nxe4 Qd7 8. Bf4
O-O-O 9. Ng3 Bg4 10. f3 Be6 11. Ne4 h6 12. Qf2 g5 13. Bg3 Qd5 14. Be2 Bg7 15. a3
Nge7 16. Qc5 Bxe5 17. Bxe5 Qxe5 18. Qxe5 Nxe5 19. h4 Bf5 20. hxg5 Bxe4 21. fxe4
hxg5 22. Rxh8 Rxh8 23. O-O-O N7g6 24. Nh3 f6 25. Rf1 Rf8 26. Bh5 Kd7 27. Bd1 Ke7
28. Nf2 Rh8 29. Rh1 Nd3+ 0-1

[Event "47th Biel Master Open"]
[Site "Biel SUI"]
[Date "2014.07.16"]
[Round "3.18"]
[White "Studer, Noel"]
[Black "Liepins, Oliver"]
[Result "1-0"]
[WhiteTitle "FM"]
[WhiteElo "2375"]
[BlackElo "2097"]
[WhiteFideId "1319620"]
[BlackFideId "11601574"]
[EventDate "2014.07.14"]

1. e4 c6 2. d4 d5 3. e5 Bf5 4. Nf3 e6 5. Be2 Ne7 6. Nbd2 Nd7 7. O-O Bg6 8. c4
Nf5 9. cxd5 cxd5 10. Nb3 Bh5 11. Bg5 Be7 12. Bxe7 Nxe7 13. Ne1 Bxe2 14. Qxe2 O-O
15. Nd3 Rc8 16. f4 Qb6 17. g4 g6 18. Rf3 Rc4 19. Nbc5 Nxc5 20. dxc5 Qc6 21. Qf2
Re4 22. Qh4 Re8 23. Rh3 d4 24. Qxh7+ Kf8 25. Qh6+ 1-0

[Event "47th Biel Master Open"]
[Site "Biel SUI"]
[Date "2014.07.16"]
[Round "3.19"]
[White "Astengo, Corrado"]
[Black "Donchenko, Anatoly"]
[Result "1/2-1/2"]
[BlackTitle "IM"]
[WhiteElo "2078"]
[BlackElo "2360"]
[WhiteFideId "802905"]
[BlackFideId "4106091"]
[EventDate "2014.07.14"]

1. e4 e6 2. d4 d5 3. Nd2 dxe4 4. Nxe4 Nd7 5. Nf3 Ngf6 6. Nxf6+ Nxf6 7. Bd3 Be7
8. O-O O-O 9. b3 b6 10. Bb2 Bb7 11. Re1 a5 12. a4 Bb4 13. c3 Be7 14. c4 Bb4 15.
Re5 Bd6 16. Re1 Bb4 17. Re5 Bd6 18. Re1 1/2-1/2

[Event "47th Biel Master Open"]
[Site "Biel SUI"]
[Date "2014.07.16"]
[Round "3.20"]
[White "Rindlisbacher, Lars"]
[Black "Terraz, Christian"]
[Result "0-1"]
[WhiteTitle "FM"]
[WhiteElo "2332"]
[BlackElo "2074"]
[WhiteFideId "1304178"]
[BlackFideId "1301810"]
[EventDate "2014.07.14"]

1. d4 Nf6 2. c4 c5 3. d5 a6 4. a4 e5 5. Nc3 d6 6. e4 Be7 7. h3 h5 8. Be2 Nbd7 9.
Nf3 Nf8 10. Bg5 Ng6 11. Qd2 b6 12. O-O h4 13. a5 bxa5 14. Bd1 Nh5 15. Ba4+ Kf8
16. Be3 Ngf4 17. Bxf4 Nxf4 18. Ne2 g5 19. Nh2 Rb8 20. Bd1 Rb4 21. b3 Bd7 22. Nc3
Kg7 23. Re1 Qc7 24. Nf1 Rhb8 25. Ne3 Bd8 26. Kh2 Qc8 27. Rf1 Kg6 28. g3 Bxh3 29.
Rg1 hxg3+ 30. fxg3 Bf6 31. gxf4 exf4 32. Ng2 Be5 33. Nh4+ Kf6 34. Qe1 f3+ 35.
Kh1 Qh8 36. Nxf3 Bg4+ 37. Kg2 Qh3+ 38. Kf2 Bxf3 39. Bxf3 Rxb3 40. Rc1 Bd4+ 41.
Ke2 Rb2+ 0-1

[Event "47th Biel Master Open"]
[Site "Biel SUI"]
[Date "2014.07.17"]
[Round "4.2"]
[White "Bok, Benjamin"]
[Black "Solak, Dragan"]
[Result "1/2-1/2"]
[WhiteTitle "GM"]
[BlackTitle "GM"]
[WhiteElo "2586"]
[BlackElo "2639"]
[WhiteFideId "1017063"]
[BlackFideId "916811"]
[EventDate "2014.07.14"]

1. e4 c6 2. d4 d5 3. e5 Bf5 4. Nf3 e6 5. Be2 Ne7 6. O-O Nd7 7. Nbd2 Ng6 8. Ne1
h5 9. g3 c5 10. c3 cxd4 11. cxd4 Qb6 12. Nb3 a5 13. a4 Ne7 14. Bd2 Nc6 15. Bc3
Be7 16. Ng2 Bh3 17. Re1 Bxg2 18. Kxg2 g6 19. Bb5 Kf8 20. f4 Kg7 21. Nd2 Ndb8 22.
Nf3 Na6 23. h3 Nc7 24. Be2 Nb4 25. Qd2 Qc6 26. Rec1 Qd7 27. g4 Rac8 28. Rh1 hxg4
29. hxg4 Rxh1 30. Rxh1 Rh8 31. Rxh8 Kxh8 32. b3 1/2-1/2

[Event "47th Biel Master Open"]
[Site "Biel SUI"]
[Date "2014.07.17"]
[Round "4.3"]
[White "Shankland, Samuel L"]
[Black "Cvitan, Ognjen"]
[Result "1/2-1/2"]
[WhiteTitle "GM"]
[BlackTitle "GM"]
[WhiteElo "2632"]
[BlackElo "2535"]
[WhiteFideId "2004887"]
[BlackFideId "14500086"]
[EventDate "2014.07.14"]

1. e4 c5 2. Nf3 d6 3. d4 cxd4 4. Nxd4 Nf6 5. Nc3 g6 6. Be3 Bg7 7. f3 Nc6 8. Qd2
O-O 9. Bc4 Bd7 10. O-O-O Rb8 11. Bb3 Na5 12. h4 b5 13. h5 Nc4 14. Bxc4 bxc4 15.
Kb1 Re8 16. h6 Bh8 17. Nde2 Qa5 18. Bd4 Qa3 19. Qc1 Rb7 20. Ka1 Qa5 21. Qd2 Reb8
22. Rb1 Rc8 23. g4 e5 24. Be3 Rc6 25. g5 Ne8 26. Rhd1 Be6 27. a3 Nc7 28. Na2
Qxd2 29. Rxd2 f6 30. Rbd1 Ne8 31. Nb4 Rc8 32. Nc3 Kf7 33. Rf2 a5 34. Nbd5 Rcb8
35. Rb1 fxg5 36. Bxg5 Nf6 37. Nxf6 Bxf6 38. f4 Bxg5 39. fxg5+ Ke7 40. Rf6 Rf8
41. Rbf1 Rxf6 42. Rxf6 Rb8 43. Kb1 Rb7 44. Kc1 Rb8 45. Nd1 Bg4 46. Ne3 Be6 47.
Rf1 Rb7 48. Rd1 Kd7 49. Nd5 Kc6 50. Nf6 Kc5 51. Rd2 Kc6 52. Re2 Kc5 53. Re3 Kd4
54. Re1 Kc5 55. Rd1 Kc6 56. Kd2 Kc5 57. Kc3 a4 58. Rf1 Re7 59. Rd1 Rf7 60. Kd2
Rb7 61. Rb1 Kd4 62. Ke2 Kc5 63. Rc1 Kd4 64. Kf3 Kc5 65. Ke3 Kc6 66. Rh1 Kc5 67.
Rh2 Kc6 68. Rf2 Kc5 69. Rd2 Kc6 70. Ne8 Rd7 71. Rf2 Rb7 72. Rf6 Kd7 73. Ng7 c3
74. bxc3 Bc4 75. Rf8 Rb1 76. Ne8 Re1+ 77. Kd2 Re2+ 78. Kd1 Ke7 79. Rh8 Rg2 80.
Nc7 Rxg5 81. Rxh7+ Kf8 82. Rd7 Rh5 83. h7 Bf7 84. Rxd6 Rxh7 85. Ra6 g5 86. Ne6+
Bxe6 87. Rxe6 Re7 88. Rf6+ Kg7 89. Rf5 Kh6 90. Ke2 Kh5 91. c4 Kh4 92. c5 g4 93.
Kf2 Rd7 94. Rxe5 g3+ 95. Kf3 Rd2 96. Re6 Rf2+ 97. Ke3 Rxc2 98. Rg6 Kh3 99. Kf4
Rf2+ 100. Ke5 Rf3 101. c6 Rxa3 102. Kf4 Rc3 103. c7 Rxc7 104. Rxg3+ Kh4 105. Ra3
Kh5 106. Kf5 Kh6 107. Rxa4 Kg7 108. Ke6 Rb7 109. Rd4 Rb6+ 110. Rd6 Rb4 111. e5
Ra4 112. Ke7 Ra8 113. e6 Kg6 114. Rb6 Ra7+ 115. Kd8 Ra8+ 116. Kd7 Ra7+ 117. Kd6
Kf6 118. e7 1/2-1/2

[Event "47th Biel Master Open"]
[Site "Biel SUI"]
[Date "2014.07.17"]
[Round "4.4"]
[White "Rudolf, Anna"]
[Black "Rakhmanov, Aleksandr"]
[Result "0-1"]
[WhiteTitle "WGM"]
[BlackTitle "GM"]
[WhiteElo "2277"]
[BlackElo "2626"]
[WhiteFideId "722855"]
[BlackFideId "4173708"]
[EventDate "2014.07.14"]

1. e4 d5 2. exd5 Qxd5 3. Nc3 Qd6 4. d4 g6 5. Nf3 Bg7 6. Nb5 Qb6 7. c4 c6 8. c5
Qd8 9. Nc3 Be6 10. Be3 Nf6 11. Ng5 Bd5 12. Nxd5 Nxd5 13. Bc4 Qd7 14. O-O O-O 15.
Qb3 e6 16. Rad1 b6 17. a4 Qc7 18. Qa3 a5 19. Rc1 Na6 20. Rfd1 Nab4 21. Bd2 bxc5
22. dxc5 h6 23. Ne4 Qe5 24. Nc3 Rfd8 25. Nxd5 exd5 26. Bc3 Qe7 27. Bf1 Rab8 28.
Re1 Qg5 29. Red1 Re8 30. Bxg7 Kxg7 31. Qc3+ Qf6 32. Rd2 Na2 33. Qxf6+ Kxf6 34.
Ra1 Nb4 35. f3 Re3 36. Kf2 Rbe8 37. Ra3 Re1 38. g3 Rc1 39. Rc3 Ree1 40. Be2 Ra1
41. h4 Rh1 42. Ra3 Rh2+ 43. Ke3 Re1 44. f4 d4+ 45. Kf3 d3 0-1

[Event "47th Biel Master Open"]
[Site "Biel SUI"]
[Date "2014.07.17"]
[Round "4.5"]
[White "Ganguly, Surya Shekhar"]
[Black "Mikhalevski, Victor"]
[Result "0-1"]
[WhiteTitle "GM"]
[BlackTitle "GM"]
[WhiteElo "2619"]
[BlackElo "2539"]
[WhiteFideId "5002150"]
[BlackFideId "2801914"]
[EventDate "2014.07.14"]

1. d4 Nf6 2. Nf3 g6 3. Bg5 Bg7 4. Nbd2 O-O 5. e4 d6 6. c3 c5 7. dxc5 dxc5 8. Bc4
Nc6 9. O-O Qc7 10. Qe2 h6 11. Bxf6 exf6 12. Nh4 g5 13. Nf5 Ne7 14. Nxe7+ Qxe7
15. Qf3 Be6 16. Rfd1 Rad8 17. Bb3 Qc7 18. Nf1 c4 19. Bc2 Qf4 20. Qxf4 gxf4 21.
h3 b5 22. Nh2 Bc8 23. Nf3 f5 24. exf5 Bb7 25. Nd4 Bxd4 26. Rxd4 Rxd4 27. cxd4
Re8 28. Kf1 f3 29. gxf3 Bxf3 30. f6 Re6 31. Bd1 Be4 32. Be2 Rxf6 33. a4 Ra6 34.
Ra3 c3 35. bxc3 Rxa4 36. Rxa4 bxa4 37. Bc4 Bb1 0-1

[Event "47th Biel Master Open"]
[Site "Biel SUI"]
[Date "2014.07.17"]
[Round "4.6"]
[White "Adhiban, Baskaran"]
[Black "Donchenko, Alexander"]
[Result "1-0"]
[WhiteTitle "GM"]
[BlackTitle "IM"]
[WhiteElo "2610"]
[BlackElo "2499"]
[WhiteFideId "5018471"]
[BlackFideId "24603295"]
[EventDate "2014.07.14"]

1. c4 c5 2. Nf3 Nc6 3. d4 cxd4 4. Nxd4 Nf6 5. Nc3 e6 6. g3 Qb6 7. Ndb5 Ne5 8.
Bg2 a6 9. Na4 Qa5+ 10. Nbc3 Nxc4 11. b3 Nb6 12. Nxb6 Qxb6 13. O-O d5 14. e4 dxe4
15. Nxe4 Be7 16. Be3 Qb4 17. a3 Qb5 18. Nd6+ Bxd6 19. Qxd6 Nd5 20. Bd4 Qd7 21.
Qxd7+ Bxd7 22. Bxg7 Rg8 23. Be5 Bc6 24. Rfe1 f6 25. Bb2 Kf7 26. Rad1 Rad8 27.
Rd4 Ne7 28. Rf4 Rg6 29. Bh3 Bd5 30. Bg4 Bxb3 31. Bh5 Nd5 32. Bxg6+ hxg6 33. Rh4
b5 34. Rh7+ Kg8 35. Ra7 Rd6 36. Re4 g5 37. h4 Nf4 38. gxf4 Rd1+ 39. Kh2 Bd5 40.
Rd7 1-0

[Event "47th Biel Master Open"]
[Site "Biel SUI"]
[Date "2014.07.17"]
[Round "4.7"]
[White "Sebenik, Matej"]
[Black "Banusz, Tamas"]
[Result "1-0"]
[WhiteTitle "GM"]
[BlackTitle "GM"]
[WhiteElo "2516"]
[BlackElo "2595"]
[WhiteFideId "14602296"]
[BlackFideId "722413"]
[EventDate "2014.07.14"]

1. d4 Nf6 2. c4 e6 3. Nc3 Bb4 4. e3 O-O 5. Bd3 d5 6. Nf3 c5 7. O-O Nc6 8. cxd5
exd5 9. dxc5 Bxc5 10. h3 a6 11. b3 d4 12. Na4 Ba7 13. exd4 Nxd4 14. Bb2 Ne6 15.
Qc2 Nf4 16. Bc4 b5 17. Rad1 Qe7 18. Rfe1 Qb7 19. Bxf6 gxf6 20. Qe4 Bb8 21. Bd5
Nxd5 22. Nc5 Nc3 23. Qd4 Qb6 24. Qxc3 b4 25. Qc4 Ra7 26. Nd7 Rxd7 27. Qg4+ Kh8
28. Rxd7 Qc6 29. Qxb4 Rg8 30. Rxf7 Rxg2+ 31. Kxg2 Bxh3+ 32. Kg1 1-0

[Event "47th Biel Master Open"]
[Site "Biel SUI"]
[Date "2014.07.17"]
[Round "4.8"]
[White "Bartel, Mateusz"]
[Black "Molner, Mackenzie"]
[Result "1/2-1/2"]
[WhiteTitle "GM"]
[BlackTitle "GM"]
[WhiteElo "2644"]
[BlackElo "2504"]
[WhiteFideId "1112635"]
[BlackFideId "2021722"]
[EventDate "2014.07.14"]

1. d4 Nf6 2. c4 g6 3. g3 c5 4. d5 b5 5. cxb5 a6 6. bxa6 d6 7. Nc3 Bg7 8. Bg2 Qa5
9. Bd2 O-O 10. Nh3 Nxa6 11. Nf4 Bf5 12. O-O Rfb8 13. Qc1 c4 14. e4 Bd7 15. Nd1
Qa4 16. Nc3 Qb4 17. Rb1 Ng4 18. b3 cxb3 19. Rxb3 Qc4 20. h3 Ne5 21. Qb1 Ba4 22.
Nxa4 Qxa4 23. Rc1 Nc4 24. Qc2 Nxd2 25. Rxb8+ Nxb8 26. Qxd2 Nd7 27. Rc2 Ne5 28.
Qe2 Qd4 29. Kh2 1/2-1/2

[Event "47th Biel Master Open"]
[Site "Biel SUI"]
[Date "2014.07.17"]
[Round "4.9"]
[White "Lampert, Jonas"]
[Black "Erdos, Viktor"]
[Result "1/2-1/2"]
[BlackTitle "GM"]
[WhiteElo "2421"]
[BlackElo "2648"]
[WhiteFideId "1303759"]
[BlackFideId "719978"]
[EventDate "2014.07.14"]

1. d4 Nf6 2. c4 e6 3. Nc3 Bb4 4. Nf3 b6 5. Bd2 Bb7 6. g3 O-O 7. Bg2 d6 8. O-O
Nbd7 9. b3 Re8 10. a3 Bxc3 11. Bxc3 Be4 12. Bb2 c6 13. Re1 Qc7 14. Nd2 Bxg2 15.
Kxg2 b5 16. Qc2 bxc4 17. Nxc4 d5 18. Ne5 Nxe5 19. dxe5 Nd7 20. e4 Qb7 21. Rac1
c5 22. exd5 exd5 23. b4 Rac8 24. bxc5 Rxc5 25. Qa4 Rxc1 26. Bxc1 h6 27. Qd4 a6
28. h4 Nf8 29. Rd1 Rd8 30. Be3 Ne6 31. Qb6 Qa8 32. Bd4 Qc8 33. Rd2 Qc1 34. Qb2
Qe1 35. Qc3 Rb8 36. Qe3 Qb1 37. Qd3 Qc1 38. Qc3 Qb1 39. Qd3 Qb7 40. f4 g6 41. h5
gxh5 1/2-1/2

[Event "47th Biel Master Open"]
[Site "Biel SUI"]
[Date "2014.07.17"]
[Round "4.10"]
[White "Bartel, Marta"]
[Black "Swiercz, Dariusz"]
[Result "1/2-1/2"]
[WhiteTitle "WGM"]
[BlackTitle "GM"]
[WhiteElo "2328"]
[BlackElo "2617"]
[WhiteFideId "1123009"]
[BlackFideId "1126881"]
[EventDate "2014.07.14"]

1. d4 d5 2. Nf3 Nf6 3. c4 c6 4. cxd5 cxd5 5. Nc3 Nc6 6. Bf4 a6 7. Rc1 e6 8. e3
Be7 9. h3 O-O 10. Bd3 Bd7 11. O-O Qa5 12. Ne5 Rad8 13. Bb1 Nxe5 14. Bxe5 Bc6 15.
Qd3 g6 16. a3 Rc8 17. Qd2 Nd7 18. Bf4 Nb6 19. Bd3 Bb5 20. Bxb5 axb5 21. e4 b4
22. axb4 Qxb4 23. Bh6 Rfe8 24. exd5 Nxd5 25. Nxd5 exd5 26. Rxc8 Rxc8 27. Rc1 Rc6
28. Ra1 Ra6 29. Rxa6 bxa6 30. Qe2 Qd6 31. Qc2 1/2-1/2

[Event "47th Biel Master Open"]
[Site "Biel SUI"]
[Date "2014.07.17"]
[Round "4.11"]
[White "Kovacevic, Aleksandar"]
[Black "Studer, Noel"]
[Result "0-1"]
[WhiteTitle "GM"]
[BlackTitle "FM"]
[WhiteElo "2564"]
[BlackElo "2375"]
[WhiteFideId "903124"]
[BlackFideId "1319620"]
[EventDate "2014.07.14"]

1. e4 e5 2. Nf3 Nc6 3. Bb5 f5 4. Nc3 fxe4 5. Nxe4 Nf6 6. Nxf6+ Qxf6 7. Qe2 Be7
8. Bxc6 bxc6 9. Nxe5 Qe6 10. d4 a5 11. Nd3 Qxe2+ 12. Kxe2 Ba6 13. Be3 Rb8 14.
Kd2 d6 15. b3 Bf6 16. Rae1 O-O 17. a4 Rfd8 18. Rb1 Rd7 19. Rhe1 c5 20. dxc5 dxc5
21. Bxc5 Rbd8 22. Be3 Rxd3+ 23. cxd3 Rxd3+ 24. Ke2 Rd4+ 25. Kf3 Bb7+ 26. Kg3
Bh4+ 27. Kh3 Bc8+ 28. g4 Rxg4 29. Ba7 Kf7 30. Rbc1 Bd8 0-1